Statistics for The Life of King David

Click here to take the quiz!

General Stats

  • This quiz has been taken 4,660 times
  • The average score is 12 of 18

Answer Stats

Hint Answer % Correct
Giant who David killed in single combatGoliath
99%
Weapon that David used to beat himSling
92%
Italian Renaissance sculptors who sculpted DavidMichelangelo
86%
David was king of this nationIsrael and Judah
85%
Musical instrument David playedLyre
83%
Son of David who built the templeSolomon
82%
David conquered this city, also known as "The City of David"Jerusalem
81%
David is given credit for writing many of the songs in this book of the BiblePsalms
75%
Like his most famous descendant, David was born in this cityBethlehem
75%
King who came before DavidSaul
69%
David's profession before being chosen by GodShepherd
63%
Married woman that David saw bathingBathsheba
60%
Tribe that the giant came fromPhilistines
58%
Son of the above king, and loyal friend of DavidJonathan
41%
David's fatherJesse
35%
Italian Renaissance sculptors who sculpted DavidDonatello
34%
Husband of the above. David had him killedUriah the Hittite
33%
To earn his first bride, David killed 200 men and cut off this part of their bodiesForeskin
29%

Score Distribution

Percentile by Number Answered

Percent of People with Each Score

Your Score History

You have not taken this quiz